[Event "HEM B-Turnier"]
[Site "Frankfurt-Zeilsheim"]
[Date "2018.05.11"]
[Round "3.19"]
[White "Masoudi, Kian"]
[Black "Will, Steffen"]
[Result "1-0"]
[WhiteElo "1584"]
[BlackElo "1723"]
[PlyCount "79"]
[EventDate "2018.??.??"]
[EventType "swiss"]
[EventRounds "7"]
[EventCountry "GER"]
[WhiteTeam "SC Bergen-Enkheim"]
[BlackTeam "SC Bad Nauheim"]

1. e4 c5 2. d4 cxd4 3. c3 dxc3 4. Nxc3 d6 5. Nf3 Nc6 6. Bc4 g6 7. O-O Bg7 8.
Qe2 Nf6 9. h3 O-O 10. Rd1 Nd7 11. Be3 Nce5 12. Nxe5 Nxe5 13. Bb3 Nc6 14. Rac1
Na5 15. Bc2 Be6 16. Bb1 Nc4 17. Bf4 Qb6 18. b3 Na3 19. Na4 Qa5 20. Bd2 Qe5 21.
Bc3 Qg5 22. Bxg7 Kxg7 23. f4 Qxf4 24. Qb2+ Kg8 25. Qxa3 Qe3+ 26. Kh1 Bxh3 27.
Qb2 Bg4 28. Re1 Qh6+ 29. Kg1 Rac8 30. Nc3 e6 31. Nb5 Rc5 32. Rxc5 dxc5 33. Qc1
Qg7 34. Qxc5 a6 35. Nd6 b5 36. e5 f5 37. Qc6 Qh6 38. Ne8 g5 39. Nf6+ Rxf6 40.
exf6 1-0

[Event "HEM B-Turnier"]
[Site "Frankfurt-Zeilsheim"]
[Date "2018.05.11"]
[Round "3.20"]
[White "El Lawindy, Asem"]
[Black "Schneider, Lutz"]
[Result "1-0"]
[WhiteElo "1521"]
[BlackElo "1722"]
[PlyCount "111"]
[EventDate "2018.??.??"]
[EventType "swiss"]
[EventRounds "7"]
[EventCountry "GER"]
[WhiteTeam "VSG Offenbach"]
[BlackTeam "Sfr. Wiesbaden"]

1. e4 Nf6 2. Nc3 d5 3. exd5 Nxd5 4. Nxd5 Qxd5 5. Nf3 Bf5 6. Be2 Nc6 7. O-O e6
8. b3 Be7 9. Bb2 O-O 10. Bc4 Qd7 11. Re1 Rad8 12. Bb5 Bd6 13. Nh4 Bg6 14. Nxg6
hxg6 15. Qf3 a6 16. Bxc6 Qxc6 17. Qxc6 bxc6 18. Re4 Be7 19. d3 Rd5 20. Ra4 a5
21. Re1 Rfd8 22. Ree4 Rc5 23. Rec4 Rxc4 24. Rxc4 c5 25. Kf1 Kf8 26. Bc3 Bd6 27.
Bxa5 Ra8 28. Ra4 Ke8 29. Bc3 Rxa4 30. bxa4 f6 31. a5 Kd8 32. Ke2 Kc8 33. Ke3
Kb7 34. d4 Ka6 35. dxc5 Bxc5+ 36. Ke2 Bd6 37. g3 c6 38. Kd3 Kb5 39. a4+ Ka6 40.
Kc4 e5 41. h4 f5 42. Bb4 Bc7 43. Kc5 Bd8 44. Kxc6 f4 45. Kd5 fxg3 46. fxg3 Bc7
47. Ke4 Kb7 48. Bc3 Ka6 49. Bxe5 Bxa5 50. Bxg7 Be1 51. Be5 Ka5 52. c4 Kxa4 53.
c5 Kb5 54. Kd5 Ka6 55. c6 Ba5 56. Ke6 1-0

[Event "HEM B-Turnier"]
[Site "Frankfurt-Zeilsheim"]
[Date "2018.05.11"]
[Round "3.21"]
[White "John, Volkmar"]
[Black "Strache, Rolf"]
[Result "1-0"]
[WhiteElo "1777"]
[BlackElo "1558"]
[PlyCount "109"]
[EventDate "2018.??.??"]
[EventType "swiss"]
[EventRounds "7"]
[EventCountry "GER"]
[WhiteTeam "SK Herborn"]
[BlackTeam "SK Herborn"]

1. Nf3 d5 2. c4 e6 3. g3 Nf6 4. Bg2 c6 5. b3 Nbd7 6. Bb2 Be7 7. O-O O-O 8. d3
Bd6 9. Nbd2 Re8 10. Rc1 e5 11. cxd5 Nxd5 12. Nc4 Bc7 13. Qd2 f6 14. Rfd1 Qe7
15. Ba3 Qe6 16. Ne3 Nxe3 17. Qxe3 Bb6 18. Qd2 a5 19. Qc2 Kh8 20. Nd2 Qf5 21. e3
Nf8 22. Bxc6 bxc6 23. Qxc6 Qe6 24. Qxa8 Bd7 25. Qf3 Qh3 26. Qg2 Qh6 27. Nc4 Bh3
28. Qc6 Qh5 29. Nxb6 Re6 30. Qe4 Rxb6 31. Bxf8 Kg8 32. Bc5 Rb8 33. Qh4 Bg4 34.
Qxh5 Bxh5 35. Rd2 h6 36. Rdc2 Kh7 37. Ba7 Rb7 38. Rc7 Rb5 39. Kg2 Rd5 40. d4 e4
41. Re7 Bf3+ 42. Kf1 h5 43. h4 Rd8 44. Rcc7 Rg8 45. d5 Kg6 46. d6 Bg4 47. Rb7
Rc8 48. Rxg7+ Kf5 49. Rgc7 Rd8 50. d7 Ke5 51. Bb6 Kd6 52. Rc8 Rxd7 53. Rxd7+
Kxd7 54. Rd8+ Kc6 55. Bxa5 1-0

[Event "HEM B-Turnier"]
[Site "Frankfurt-Zeilsheim"]
[Date "2018.05.11"]
[Round "3.22"]
[White "Eckert, Michael"]
[Black "Schmitt, Clemens"]
[Result "0-1"]
[WhiteElo "1649"]
[BlackElo "1712"]
[PlyCount "150"]
[EventDate "2018.??.??"]
[EventType "swiss"]
[EventRounds "7"]
[EventCountry "GER"]
[WhiteTeam "C4 Chess Club"]
[BlackTeam "SV Bergwinkel"]

1. e4 e6 2. d4 d5 3. Bd3 c5 4. dxc5 Bxc5 5. exd5 exd5 6. c3 Nc6 7. Be3 Bxe3 8.
Qe2 Be6 9. Qxe3 Nf6 10. Nf3 O-O 11. O-O Re8 12. Qd2 Qb6 13. Nd4 Nxd4 14. cxd4
Ne4 15. Bxe4 dxe4 16. Nc3 Bc4 17. Rfe1 Bd3 18. Nd5 Qd6 19. Nb4 Bb5 20. Rac1 a5
21. Rc5 Bd7 22. Rd5 Qxb4 23. Qxb4 axb4 24. Rxd7 Rxa2 25. Rxb7 Rxb2 26. f3 e3
27. Rxe3 Ra8 28. Ra7 Rc8 29. Rc7 Rf8 30. Rb7 h6 31. d5 Rc8 32. Rbe7 Rc1+ 33.
Re1 Rxe1+ 34. Rxe1 Rd2 35. Rb1 Rd4 36. d6 Kf8 37. Kf2 Ke8 38. Ke3 Rc4 39. Rb3
Kd7 40. Kd3 Rf4 41. Ke3 Rc4 42. Kd3 Rh4 43. g3 Rxh2 44. Rxb4 Kxd6 45. g4 Rh3
46. Ke4 f5+ 47. Kxf5 Rxf3+ 48. Kg6 Rg3 49. Kh5 Rc3 50. Rb7 Rc5+ 51. Kh4 Rg5 52.
Kh3 Ke5 53. Rf7 Ke6 54. Rf8 Ke7 55. Rf1 Rg6 56. Re1+ Kf7 57. Kh4 Rg5 58. Rb1
Kg6 59. Rb6+ Kh7 60. Kh3 Rg6 61. Rb7 Rf6 62. Kh4 Rf1 63. Kg3 Kg6 64. Rb6+ Rf6
65. Rb5 Re6 66. Kf4 Kf6 67. g5+ hxg5+ 68. Rxg5 Re4+ 69. Kxe4 Kxg5 70. Kf3 Kh4
71. Kg2 Kg4 72. Kg1 Kg3 73. Kh1 g5 74. Kg1 g4 75. Kf1 Kh2 0-1

[Event "HEM B-Turnier"]
[Site "Frankfurt-Zeilsheim"]
[Date "2018.05.11"]
[Round "4.1"]
[White "Alkayas, Shadi"]
[Black "Winter, Lars"]
[Result "1-0"]
[WhiteElo "1635"]
[BlackElo "1891"]
[PlyCount "71"]
[EventDate "2018.??.??"]
[EventType "swiss"]
[EventRounds "7"]
[EventCountry "GER"]
[WhiteTeam "SK Marburg"]
[BlackTeam "SV Fechenheim"]

1. e4 c5 2. Nf3 Nc6 3. d4 cxd4 4. Nxd4 g6 5. Nxc6 bxc6 6. Qd4 Nf6 7. e5 Nd5 8.
e6 f6 9. c4 Qb6 10. Qxb6 Nxb6 11. exd7+ Bxd7 12. b3 e5 13. Bd2 Bc5 14. Nc3 Bf5
15. Be2 O-O-O 16. g4 Bc2 17. Bc1 f5 18. Bb2 Rhe8 19. Rc1 Bd3 20. Bxd3 Rxd3 21.
Ke2 e4 22. Rhg1 Bxf2 23. Kxf2 Rd2+ 24. Kg3 Rxb2 25. gxf5 gxf5 26. Rgf1 Rg8+ 27.
Kf4 Rxh2 28. Kxf5 e3 29. Rfe1 Re8 30. Re2 Rf2+ 31. Rxf2 exf2 32. Rf1 Rf8+ 33.
Kg4 Kd7 34. Ne4 Ke6 35. Nxf2 Ke5 36. Nd3+ 1-0

[Event "HEM B-Turnier"]
[Site "Frankfurt-Zeilsheim"]
[Date "2018.05.11"]
[Round "4.3"]
[White "Bergmann, Michael"]
[Black "Bjoerknes, Uwe"]
[Result "1/2-1/2"]
[WhiteElo "1847"]
[BlackElo "1734"]
[PlyCount "43"]
[EventDate "2018.??.??"]
[EventType "swiss"]
[EventRounds "7"]
[EventCountry "GER"]
[WhiteTeam "SF Frankfurt"]
[BlackTeam "SK Bad Homburg"]

1. e4 e6 2. d4 c5 3. d5 exd5 4. exd5 d6 5. c4 Nf6 6. Nf3 Be7 7. Bd3 O-O 8. O-O
Bg4 9. Nbd2 Nbd7 10. Qc2 Re8 11. b3 Nf8 12. Re1 b5 13. h3 bxc4 14. bxc4 Bh5 15.
Rb1 N6d7 16. Bb2 Bf6 17. Rxe8 Qxe8 18. Re1 Qd8 19. g4 Bxb2 20. Qxb2 Bg6 21. Qc2
Rb8 22. Rb1 1/2-1/2

[Event "HEM B-Turnier"]
[Site "Frankfurt-Zeilsheim"]
[Date "2018.05.11"]
[Round "4.4"]
[White "Wilke, Tabea"]
[Black "Diehl, Stefan"]
[Result "1/2-1/2"]
[WhiteElo "1773"]
[BlackElo "1812"]
[PlyCount "40"]
[EventDate "2018.??.??"]
[EventType "swiss"]
[EventRounds "7"]
[EventCountry "GER"]
[WhiteTeam "SC Hattersheim"]
[BlackTeam "SC Höchst"]

1. e4 d5 2. exd5 Qxd5 3. Nc3 Qa5 4. d4 Nf6 5. Bc4 Bg4 6. f3 Bd7 7. Bd2 Qb6 8.
Nge2 e6 9. O-O Bb4 10. Kh1 Bxc3 11. Bxc3 Bb5 12. Bb3 O-O 13. Re1 Nbd7 14. Nf4
Rfe8 15. Qd2 Rad8 16. Ba5 Qd6 17. c4 Ba6 18. Bc3 Nc5 19. Re5 Nxb3 20. axb3 Nd7
1/2-1/2

[Event "HEM B-Turnier"]
[Site "Frankfurt-Zeilsheim"]
[Date "2018.05.11"]
[Round "4.6"]
[White "Ross, Norbert"]
[Black "Kirchner, Konrad"]
[Result "0-1"]
[WhiteElo "1804"]
[BlackElo "1698"]
[PlyCount "68"]
[EventDate "2018.??.??"]
[EventType "swiss"]
[EventRounds "7"]
[EventCountry "GER"]
[WhiteTeam "SV Oberursel"]
[BlackTeam "SC Ehrenberg"]

1. d4 d5 2. c4 c6 3. Nf3 Nf6 4. Nc3 dxc4 5. a4 Nd5 6. e4 Nxc3 7. bxc3 b5 8.
axb5 cxb5 9. Ne5 Nd7 10. Nf3 e6 11. Be2 a6 12. O-O Bb7 13. Qc2 Nf6 14. e5 Be4
15. Qd2 Nd5 16. Ng5 Bg6 17. Bf3 Be7 18. Ne4 O-O 19. Ba3 a5 20. Bxe7 Qxe7 21.
Nd6 Rfb8 22. Ra2 b4 23. cxb4 c3 24. Qc1 axb4 25. Bxd5 exd5 26. Qa1 Rxa2 27.
Qxa2 b3 28. Qa5 b2 29. Qxc3 b1=Q 30. Nc8 Qeb7 31. Ne7+ Qxe7 32. h3 Qbb4 33. Qa1
h6 34. Rc1 Qb1 0-1

[Event "HEM B-Turnier"]
[Site "Frankfurt-Zeilsheim"]
[Date "2018.05.11"]
[Round "4.7"]
[White "Zalewski, Ulrich"]
[Black "Stiller, Bjoern"]
[Result "1-0"]
[WhiteElo "1788"]
[BlackElo "1673"]
[PlyCount "179"]
[EventDate "2018.??.??"]
[EventType "swiss"]
[EventRounds "7"]
[EventCountry "GER"]
[WhiteTeam "Biebertaler SF"]
[BlackTeam "SSG Hungen-Lich"]

1. e4 Nf6 2. Nc3 e5 3. Nf3 Nc6 4. Bb5 Nd4 5. Bc4 d6 6. Ng5 d5 7. exd5 h6 8.
Nge4 Bf5 9. d3 Be7 10. Nxf6+ Bxf6 11. Ne4 b5 12. Nxf6+ Qxf6 13. Bb3 Qg6 14. Rg1
Bg4 15. Qd2 Bh5 16. Qe3 Nf3+ 17. Kf1 Nxh2+ 18. Ke1 Nf3+ 19. Kf1 Nxg1 20. Qxe5+
Kd7 21. Bf4 Rac8 22. d6 cxd6 23. Qxb5+ Kd8 24. Qa5+ Rc7 25. Qd5 Ke7 26. Kxg1
Rd8 27. Re1+ Kf8 28. Re3 Bg4 29. Rg3 Qe6 30. Qa5 Qd7 31. Rxg4 Rc5 32. Bxd6+
Qxd6 33. Qxa7 Rc7 34. Qe3 Re8 35. Re4 Rxe4 36. Qxe4 Re7 37. Qa8+ Re8 38. Qa5
Qe7 39. Qa3 Qxa3 40. bxa3 Re1+ 41. Kh2 Ke7 42. Kg3 f6 43. d4 Kd6 44. Kf3 Re7
45. c4 Kc6 46. Bc2 Re1 47. g3 Re7 48. Be4+ Kb6 49. a4 Ra7 50. c5+ Kc7 51. Bc2
Kc6 52. Bb3 Re7 53. Bc4 g6 54. a5 f5 55. a6 Re4 56. a7 Re8 57. Bf7 Ra8 58. Bxg6
Rxa7 59. Bxf5 Kd5 60. Ke3 Ra3+ 61. Bd3 Rxa2 62. g4 Ra1 63. Be4+ Ke6 64. d5+ Ke7
65. Kf4 Rc1 66. c6 Kd6 67. Kf5 Rf1 68. f3 Re1 69. Kg6 Rh1 70. Kf7 Re1 71. Ke8
Ra1 72. Kf7 Re1 73. Kg6 Rh1 74. f4 Rh4 75. Kf5 Rh2 76. g5 hxg5 77. fxg5 Rf2+
78. Kg4 Ke5 79. Bf3 Rc2 80. g6 Rc1 81. Kg5 Rg1+ 82. Bg4 Ra1 83. g7 Ra8 84. Be6
Kd6 85. g8=Q Rxg8+ 86. Bxg8 Kc7 87. Kf6 Kd6 88. Be6 Kc7 89. Ke7 Kb8 90. Kd8 1-0

[Event "HEM B-Turnier"]
[Site "Frankfurt-Zeilsheim"]
[Date "2018.05.11"]
[Round "4.8"]
[White "Mohr, Justus"]
[Black "Rabiya, Karim"]
[Result "0-1"]
[WhiteElo "1641"]
[BlackElo "1643"]
[PlyCount "80"]
[EventDate "2018.??.??"]
[EventType "swiss"]
[EventRounds "7"]
[EventCountry "GER"]
[WhiteTeam "SC FK Babenhausen"]
[BlackTeam "SK Niederbrechen"]

1. e4 Nf6 2. Nc3 e5 3. d4 exd4 4. Qxd4 Nc6 5. Qd1 Bb4 6. Bg5 h6 7. Bxf6 Qxf6 8.
Nge2 d6 9. a3 Ba5 10. Qd5 Be6 11. Qd3 Bb6 12. f3 Ne5 13. Qb5+ c6 14. Qa4 O-O
15. O-O-O Be3+ 16. Kb1 b5 17. Qb4 Nc4 18. Na2 Rfd8 19. Qc3 Qxc3 20. Nexc3 a5
21. Bxc4 Bxc4 22. b3 Be6 23. Rd3 Bg5 24. g3 f5 25. Rhd1 Be7 26. Kb2 fxe4 27.
Nxe4 Bf5 28. Re3 d5 29. Nec3 Bf6 30. Re2 Kf7 31. Kc1 Bg5+ 32. Kb1 Be7 33. Kb2
b4 34. axb4 axb4 35. Nb1 Bf6+ 36. c3 d4 37. Nxb4 dxc3+ 38. Kc1 Rxd1+ 39. Kxd1
Ra1 40. Rc2 Rxb1+ 0-1

[Event "HEM B-Turnier"]
[Site "Frankfurt-Zeilsheim"]
[Date "2018.05.11"]
[Round "4.9"]
[White "Meyer, Marcel"]
[Black "Gruber, Reiner"]
[Result "1-0"]
[WhiteElo "1759"]
[BlackElo "1644"]
[PlyCount "47"]
[EventDate "2018.??.??"]
[EventType "swiss"]
[EventRounds "7"]
[EventCountry "GER"]
[WhiteTeam "SC Herborn"]
[BlackTeam "SK Dieburg"]

1. d4 Nf6 2. c4 e6 3. Nc3 Bb4 4. e3 O-O 5. Nge2 d5 6. a3 Be7 7. Ng3 b6 8. Bd3
Bb7 9. O-O dxc4 10. Bxc4 c5 11. dxc5 Bxc5 12. b4 Be7 13. Bb2 Nbd7 14. Nb5 Qb8
15. Rc1 a6 16. Nd4 Qd6 17. Ngf5 exf5 18. Nxf5 Qxd1 19. Nxe7+ Kh8 20. Rfxd1 b5
21. Bb3 Rfe8 22. Nf5 Rf8 23. Nd6 Be4 24. Nxe4 1-0

[Event "HEM B-Turnier"]
[Site "Frankfurt-Zeilsheim"]
[Date "2018.05.11"]
[Round "4.10"]
[White "Klowski, Bjoern Sigurd"]
[Black "Hoelss, Manuel"]
[Result "0-1"]
[WhiteElo "1681"]
[BlackElo "1757"]
[PlyCount "42"]
[EventDate "2018.??.??"]
[EventType "swiss"]
[EventRounds "7"]
[EventCountry "GER"]
[WhiteTeam "SC Eschbon 1974"]
[BlackTeam "SSG Hungen-Lich"]

1. e4 Nf6 2. Nc3 e5 3. Nf3 Nc6 4. Bc4 Nxe4 5. Nxe4 d5 6. Bxd5 Qxd5 7. Nc3 Qd8
8. Qe2 Bd6 9. d4 O-O 10. dxe5 Nxe5 11. O-O Bg4 12. h3 Nxf3+ 13. gxf3 Bxh3 14.
Rd1 Qf6 15. Ne4 Qg6+ 16. Ng3 Bxg3 17. fxg3 Qxg3+ 18. Kh1 Rfe8 19. Qh2 Qxf3+ 20.
Kg1 Qxd1+ 21. Kf2 Re2+ 0-1

[Event "HEM B-Turnier"]
[Site "Frankfurt-Zeilsheim"]
[Date "2018.05.11"]
[Round "4.11"]
[White "Baitinger, Viktor"]
[Black "Weber, Andreas"]
[Result "1/2-1/2"]
[WhiteElo "1646"]
[BlackElo "1718"]
[PlyCount "58"]
[EventDate "2018.??.??"]
[EventType "swiss"]
[EventRounds "7"]
[EventCountry "GER"]
[WhiteTeam "SF Anderssen Wetzlar"]
[BlackTeam "SC Flörsheim"]

1. e4 e5 2. Nf3 Nc6 3. Bc4 Bc5 4. c3 Nf6 5. d3 d6 6. h3 a6 7. Be3 Ba7 8. Bxa7
Rxa7 9. Nbd2 b5 10. Bb3 Na5 11. Bc2 c5 12. O-O O-O 13. Re1 Nc6 14. a4 b4 15.
Nc4 a5 16. d4 Ba6 17. Bb3 Qe7 18. d5 Bxc4 19. Bxc4 Nb8 20. Bb5 g6 21. cxb4 cxb4
22. Rc1 Nbd7 23. Bxd7 Nxd7 24. Rc6 Nb8 25. Rc4 Na6 26. Qc2 Nc5 27. b3 Rc7 28.
Rc1 Rfc8 29. Nd2 Kg7 1/2-1/2

[Event "HEM B-Turnier"]
[Site "Frankfurt-Zeilsheim"]
[Date "2018.05.11"]
[Round "4.12"]
[White "Krist, Stephan"]
[Black "Faysal, Wasim"]
[Result "0-1"]
[WhiteElo "1620"]
[BlackElo "1703"]
[PlyCount "66"]
[EventDate "2018.??.??"]
[EventType "swiss"]
[EventRounds "7"]
[EventCountry "GER"]
[WhiteTeam "SVG Lauterbach"]
[BlackTeam "Biebertaler SF"]

1. e4 c5 2. Nf3 Nc6 3. d4 cxd4 4. Nxd4 g6 5. Bc4 Bg7 6. Be3 Nf6 7. Nc3 O-O 8.
O-O Ne5 9. Be2 d6 10. a4 Neg4 11. Qd3 Nxe3 12. Qxe3 Ng4 13. Bxg4 Bxg4 14. Ndb5
a6 15. Na3 Rc8 16. f4 Qa5 17. f5 Bxc3 18. bxc3 Rxc3 19. Qd4 gxf5 20. h3 e5 21.
Qxd6 Rd8 22. Qe7 Qb6+ 23. Kh1 Bxh3 24. Qg5+ Kf8 25. gxh3 Rxh3+ 26. Kg2 Rh6 27.
Qxf5 Rd2+ 28. Rf2 Rxf2+ 29. Qxf2 Rh2+ 30. Kxh2 Qxf2+ 31. Kh3 Qf3+ 32. Kh2 Qxe4
33. Rb1 Qxa4 0-1

[Event "HEM B-Turnier"]
[Site "Frankfurt-Zeilsheim"]
[Date "2018.05.11"]
[Round "4.13"]
[White "Schneider, Kevin"]
[Black "El Lawindy, Asem"]
[Result "1-0"]
[WhiteElo "1699"]
[BlackElo "1521"]
[PlyCount "87"]
[EventDate "2018.??.??"]
[EventType "swiss"]
[EventRounds "7"]
[EventCountry "GER"]
[WhiteTeam "SC Breuberg"]
[BlackTeam "VSG Offenbach"]

1. e4 e5 2. Nf3 d6 3. Bc4 Be7 4. c3 Nf6 5. d3 O-O 6. Bb3 Nc6 7. Nbd2 Na5 8. Bc2
Bg4 9. h3 Bh5 10. g4 Bg6 11. h4 h5 12. g5 Nd7 13. b4 Nc6 14. Bb3 Kh8 15. Nf1 f5
16. exf5 Bxf5 17. Ne3 Bxd3 18. Qxd3 Rxf3 19. Bd1 Rf4 20. Nd5 e4 21. Qh3 Rf8 22.
Qe6 Nde5 23. Be3 b5 24. Bxh5 Qd7 25. Qxd7 Nxd7 26. Nxc7 Rac8 27. Nd5 Nde5 28.
Be2 a6 29. Kd2 Bd8 30. a4 a5 31. axb5 axb4 32. bxc6 bxc3+ 33. Nxc3 Nxc6 34.
Nxe4 d5 35. Nd6 d4 36. Nxc8 dxe3+ 37. fxe3 Ba5+ 38. Rxa5 Nxa5 39. Ne7 Rd8+ 40.
Bd3 Nc4+ 41. Ke2 Nxe3 42. Ng6+ Kg8 43. Kxe3 Kf7 44. Rf1+ 1-0

[Event "HEM B-Turnier"]
[Site "Frankfurt-Zeilsheim"]
[Date "2018.05.11"]
[Round "4.14"]
[White "Mongi, Mario"]
[Black "Lopez, Victor"]
[Result "1/2-1/2"]
[WhiteElo "1518"]
[BlackElo "1689"]
[PlyCount "56"]
[EventDate "2018.??.??"]
[EventType "swiss"]
[EventRounds "7"]
[EventCountry "GER"]
[WhiteTeam "SC Sulzbach"]
[BlackTeam "SC Höchst"]

1. c4 c5 2. g3 g6 3. Bg2 Bg7 4. Nc3 Nc6 5. e3 e6 6. Nge2 Nge7 7. O-O a6 8. d4
cxd4 9. exd4 d5 10. cxd5 exd5 11. Bg5 h6 12. Be3 O-O 13. Nf4 Nf5 14. Qd2 Ncxd4
15. Bxd5 Be6 16. Nxe6 fxe6 17. Bxb7 Rb8 18. Bg2 Nxe3 19. Qxe3 e5 20. Qd3 Rxb2
21. Qxa6 Rf6 22. Qc4+ Kh7 23. a4 Qa5 24. Ra2 Nf3+ 25. Bxf3 Rxa2 26. Qxa2 Rxf3
27. Ne4 Qb4 28. Nd2 Ra3 1/2-1/2

[Event "HEM B-Turnier"]
[Site "Frankfurt-Zeilsheim"]
[Date "2018.05.11"]
[Round "4.15"]
[White "Schmitt, Clemens"]
[Black "Masoudi, Kian"]
[Result "1-0"]
[WhiteElo "1712"]
[BlackElo "1584"]
[PlyCount "89"]
[EventDate "2018.??.??"]
[EventType "swiss"]
[EventRounds "7"]
[EventCountry "GER"]
[WhiteTeam "SV Bergwinkel"]
[BlackTeam "SC Bergen-Enkheim"]

1. c4 e5 2. g3 Nf6 3. Bg2 c6 4. Nf3 e4 5. Nd4 d5 6. cxd5 cxd5 7. O-O Be7 8. d3
O-O 9. Nc3 a6 10. dxe4 dxe4 11. Nxe4 Nxe4 12. Bxe4 Bf6 13. Be3 Qe7 14. Qc2 g6
15. Nf3 Re8 16. Bd3 Nc6 17. a3 Be6 18. Qd2 Qd7 19. Rac1 Bg4 20. Rfd1 Bxf3 21.
exf3 Ne5 22. Be2 Qf5 23. Qd5 Red8 24. Qe4 Rxd1+ 25. Rxd1 Qc8 26. f4 Nc6 27. b4
Qf8 28. Bc5 Re8 29. Qf3 Qg7 30. Rd7 Bd4 31. Bc4 Re1+ 32. Kg2 Bxc5 33. bxc5 Re7
34. Rxe7 Nxe7 35. Qxb7 Qf6 36. Qb8+ Kg7 37. Qe5 Qxe5 38. fxe5 Nc6 39. Bxa6 Nxe5
40. Bb5 Ng4 41. a4 Nf6 42. Bc6 Ng8 43. a5 Ne7 44. Bb7 Kf8 45. a6 1-0

[Event "HEM B-Turnier"]
[Site "Frankfurt-Zeilsheim"]
[Date "2018.05.11"]
[Round "4.16"]
[White "Muenstermann, Matthias"]
[Black "Wachsmann, Elmar"]
[Result "1-0"]
[WhiteElo "1891"]
[BlackElo "1618"]
[PlyCount "61"]
[EventDate "2018.??.??"]
[EventType "swiss"]
[EventRounds "7"]
[EventCountry "GER"]
[WhiteTeam "SK Langen"]
[BlackTeam "SC Groß-Umstadt"]

1. d4 d5 2. c4 e6 3. Nc3 Nf6 4. Nf3 Be7 5. Bg5 O-O 6. e3 b6 7. Be2 Bb7 8. O-O
Nbd7 9. cxd5 exd5 10. Rc1 c5 11. dxc5 bxc5 12. b3 Qb6 13. Qc2 Rac8 14. Rfd1 h6
15. Bh4 Qe6 16. Bg3 Nh5 17. Rd2 Nxg3 18. hxg3 Nf6 19. Bd3 Qc6 20. Bf5 Rcd8 21.
Na4 Ne4 22. Bxe4 dxe4 23. Ne5 Qc7 24. Nc4 Rxd2 25. Nxd2 f5 26. Nxc5 Rc8 27. b4
a5 28. a3 Qb6 29. Qc4+ Kh7 30. Ndb3 Ba6 31. Qxa6 1-0

[Event "HEM B-Turnier"]
[Site "Frankfurt-Zeilsheim"]
[Date "2018.05.11"]
[Round "4.17"]
[White "Menz, Florian"]
[Black "John, Volkmar"]
[Result "0-1"]
[WhiteElo "1457"]
[BlackElo "1777"]
[PlyCount "68"]
[EventDate "2018.??.??"]
[EventType "swiss"]
[EventRounds "7"]
[EventCountry "GER"]
[WhiteTeam "SC Ehrenberg"]
[BlackTeam "SK Herborn"]

1. e4 c5 2. Bc4 e6 3. Nc3 Nc6 4. a3 Nf6 5. d3 d5 6. exd5 exd5 7. Ba2 Be7 8.
Nge2 O-O 9. O-O Be6 10. Ng3 Qd7 11. Re1 Rfe8 12. Bg5 h6 13. Bd2 Bf8 14. Nce2 d4
15. Bxe6 Rxe6 16. f3 Rae8 17. Ne4 b6 18. Nf4 Re5 19. Nxf6+ gxf6 20. Rxe5 fxe5
21. Nh5 Qf5 22. Ng3 Qg6 23. Qf1 Kh7 24. Re1 f5 25. f4 e4 26. dxe4 fxe4 27. f5
Qg4 28. Qb5 e3 29. Bxe3 Rxe3 30. Rxe3 dxe3 31. Qxc6 Qd1+ 32. Nf1 e2 33. Qg6+
Kh8 34. Qf6+ Bg7 0-1

[Event "HEM B-Turnier"]
[Site "Frankfurt-Zeilsheim"]
[Date "2018.05.11"]
[Round "4.18"]
[White "Azizov, Fariz"]
[Black "Graef, Jakob"]
[Result "0-1"]
[WhiteElo "1593"]
[BlackElo "1468"]
[PlyCount "70"]
[EventDate "2018.??.??"]
[EventType "swiss"]
[EventRounds "7"]
[EventCountry "GER"]
[WhiteTeam "Kasseler SK"]
[BlackTeam "SV Frankfurt Nord"]

1. d4 c6 2. c4 d5 3. Nf3 Nf6 4. Nc3 e6 5. Bg5 Nbd7 6. e3 Qa5 7. Qd2 Bb4 8. Bxf6
Nxf6 9. Bd3 dxc4 10. Bc2 O-O 11. O-O c5 12. a3 Bxc3 13. bxc3 cxd4 14. exd4 b5
15. a4 Bb7 16. axb5 Qxb5 17. Ne5 Qd5 18. f3 a5 19. Ba4 Rfc8 20. Rfb1 Ba6 21.
Rb6 Qd8 22. Rab1 Nd5 23. R6b2 Qd6 24. Bd7 Rd8 25. Bc6 Rac8 26. Bxd5 Qxd5 27.
Rb6 Qxe5 28. Rxa6 Qf5 29. Rd1 Rb8 30. Qa2 Rb3 31. Rxa5 Qf4 32. Ra8 Rxa8 33.
Qxa8+ Rb8 34. Qa5 Qe3+ 35. Kf1 g6 0-1

[Event "HEM B-Turnier"]
[Site "Frankfurt-Zeilsheim"]
[Date "2018.05.11"]
[Round "4.19"]
[White "Vollbrecht, Christoph"]
[Black "Traut, Stefan"]
[Result "1-0"]
[WhiteElo "1879"]
[BlackElo "1661"]
[PlyCount "103"]
[EventDate "2018.??.??"]
[EventType "swiss"]
[EventRounds "7"]
[EventCountry "GER"]
[WhiteTeam "SSG Rödermark/Eppertshausen"]
[BlackTeam "SF Heusenstamm"]

1. e4 d5 2. exd5 Qxd5 3. Nc3 Qa5 4. Nf3 c6 5. Be2 Bf5 6. Nh4 Bg6 7. d3 e6 8.
Bd2 Qc7 9. Be3 Nf6 10. Qd2 Nbd7 11. O-O-O a6 12. Nb1 O-O-O 13. Nf3 h6 14. Qe1
Bd6 15. Bd2 b6 16. Nc3 Bf4 17. g3 Bxd2+ 18. Rxd2 Rhe8 19. h3 Nd5 20. Nxd5 exd5
21. Qd1 Re7 22. Re1 Rde8 23. Bf1 Rxe1 24. Nxe1 b5 25. Re2 Qd8 26. Nf3 Kb7 27.
Qe1 f6 28. Nd4 Rxe2 29. Qxe2 Qe8 30. Qxe8 Bxe8 31. Nf5 Bg6 32. Nxg7 Nf8 33. Be2
Kc7 34. Bg4 Kd6 35. Nf5+ Bxf5 36. Bxf5 a5 37. d4 b4 38. c3 bxc3 39. bxc3 c5 40.
a4 cxd4 41. cxd4 Ke7 42. Kd2 Kf7 43. Ke3 h5 44. Kf4 Kg7 45. h4 Kh6 46. f3 Kg7
47. g4 hxg4 48. fxg4 Kh6 49. g5+ fxg5+ 50. hxg5+ Kh5 51. g6 Kh6 52. Ke5 1-0

[Event "HEM B-Turnier"]
[Site "Frankfurt-Zeilsheim"]
[Date "2018.05.11"]
[Round "4.20"]
[White "Haftmann, Rainer"]
[Black "Schneider, Lutz"]
[Result "1-0"]
[WhiteElo "1766"]
[BlackElo "1722"]
[PlyCount "51"]
[EventDate "2018.??.??"]
[EventType "swiss"]
[EventRounds "7"]
[EventCountry "GER"]
[WhiteTeam "SG Dietzenbach"]
[BlackTeam "Sfr. Wiesbaden"]

1. e4 Nf6 2. Nc3 d6 3. Nf3 g6 4. d4 Bg7 5. h3 Nbd7 6. Bc4 O-O 7. O-O c6 8. a4
e5 9. dxe5 Nxe5 10. Nxe5 dxe5 11. Be3 Qc7 12. Qe2 b6 13. Rad1 Bb7 14. f4 exf4
15. Bxf4 Qe7 16. Bd6 Qe8 17. Bxf8 Kxf8 18. e5 Nd5 19. Nxd5 cxd5 20. e6 f5 21.
Bxd5 Bxd5 22. Rxd5 Bxb2 23. Rd7 Kg8 24. Rfd1 Bf6 25. e7 Kg7 26. Qe6 1-0

[Event "HEM B-Turnier"]
[Site "Frankfurt-Zeilsheim"]
[Date "2018.05.11"]
[Round "4.21"]
[White "Will, Steffen"]
[Black "Policarpo, Raphael"]
[Result "1-0"]
[WhiteElo "1723"]
[BlackElo "1640"]
[PlyCount "63"]
[EventDate "2018.??.??"]
[EventType "swiss"]
[EventRounds "7"]
[EventCountry "GER"]
[WhiteTeam "SC Bad Nauheim"]
[BlackTeam "SC Heusenstamm"]

1. e4 c5 2. Nf3 Nc6 3. d4 cxd4 4. Nxd4 e5 5. Nf3 d6 6. Nc3 Bg4 7. Be2 Nf6 8.
Be3 Be7 9. h3 Be6 10. Qd2 O-O 11. O-O d5 12. exd5 Nxd5 13. Rad1 Nxc3 14. Qxc3
Qc7 15. a3 f5 16. Bc4 Bxc4 17. Qxc4+ Kh8 18. Bg5 e4 19. Bxe7 Qxe7 20. Rfe1 Rad8
21. Nd4 Ne5 22. Qe6 Qc5 23. Nxf5 Rxd1 24. Rxd1 Qxc2 25. Qd6 Ng6 26. g4 Qxb2 27.
Qc7 Nh4 28. Rd8 Qb1+ 29. Kh2 Nf3+ 30. Kg3 Qg1+ 31. Kf4 Qh2+ 32. Ke3 1-0